[Event "Riga Tech Open A 2015"]
[Site "Riga LAT"]
[Date "2015.08.16"]
[Round "9.7"]
[White "Chigaev, Maksim"]
[Black "Oleksiyenko, Mykhaylo"]
[Result "1/2-1/2"]
[WhiteTitle "IM"]
[BlackTitle "GM"]
[WhiteElo "2519"]
[BlackElo "2638"]
[WhiteFideId "4108116"]
[BlackFideId "4152417"]
[EventDate "2015.08.10"]

1. e4 c5 2. Nf3 e6 3. c3 d5 4. exd5 Qxd5 5. d4 Nf6 6. Na3 Qd8 7. Nc4 Be7 8. Be2
O-O 9. O-O b6 10. dxc5 Bxc5 11. Qxd8 Rxd8 12. Be3 Bxe3 13. Nxe3 Bb7 14. Rfd1 Nc6
15. Rxd8+ Rxd8 16. Rd1 Rxd1+ 17. Bxd1 Kf8 18. Nc2 Ke7 19. Ncd4 Nd7 20. Nxc6+
Bxc6 21. Nd4 Bd5 22. b3 Nc5 23. f3 g6 24. Kf2 e5 25. Ne2 f5 26. g3 a5 27. Ke3 g5
28. f4 Kf6 29. c4 Bf7 30. a3 exf4+ 31. gxf4 g4 32. Nc3 h5 33. b4 axb4 34. axb4
Na6 35. Na4 Bxc4 36. Nxb6 Bf7 37. Nd7+ Ke7 38. b5 Nc7 39. Ne5 Nxb5 40. Bc2 Nd6
41. Kf2 h4 42. Kg1 Bh5 43. Bd1 Ne4 44. h3 Nf6 45. Bc2 Ke6 46. Bb3+ Nd5 47. Bd1
Ne3 48. Be2 Kd5 49. Nd7 Ke6 50. Ne5 Kd6 51. Kf2 Nd5 1/2-1/2

[Event "Riga Tech Open A 2015"]
[Site "Riga LAT"]
[Date "2015.08.16"]
[Round "9.8"]
[White "Wan, Yunguo"]
[Black "Neiksans, Arturs"]
[Result "1/2-1/2"]
[WhiteTitle "IM"]
[BlackTitle "GM"]
[WhiteElo "2472"]
[BlackElo "2596"]
[WhiteFideId "8603189"]
[BlackFideId "11601388"]
[EventDate "2015.08.10"]

1. e4 c5 2. Nf3 e6 3. d4 cxd4 4. Nxd4 a6 5. Bd3 Bc5 6. Nb3 Be7 7. Nc3 d6 8. f4
Nf6 9. Qe2 Nc6 10. a3 b5 11. O-O Bb7 12. e5 dxe5 13. fxe5 Nd7 14. Bf4 O-O 15.
Kh1 Qc7 16. Rae1 b4 17. axb4 Nxb4 18. Qg4 Nxd3 19. cxd3 Kh8 20. Re3 Qb6 21. Rh3
g6 22. Bg5 f6 23. Bxf6+ Bxf6 24. exf6 Nxf6 25. Qd4 Qxd4 26. Nxd4 Nh5 27. Rxf8+
Rxf8 28. Kg1 Nf4 29. Re3 Nxg2 30. Rxe6 Nf4 31. Re3 Rd8 32. Nce2 Nd5 33. Re5 Kg8
34. Ne6 Rc8 35. N2d4 Rc1+ 36. Kf2 Nb4 37. Nf4 Kf7 38. h4 h6 39. Ke2 Bc8 40. Kd2
Rc7 41. b3 Bd7 42. Nf3 Bg4 43. Nd4 Rd7 44. Re4 Rd6 45. Kc3 a5 46. Kc4 g5 47.
hxg5 hxg5 48. Ng2 Bc8 49. Ne3 Ba6+ 50. Kc5 Bxd3 51. Rg4 Rg6 52. Nf3 Kf6 53. Nc4
Bxc4 54. Kxc4 Kf5 55. Rxg5+ Rxg5 56. Nxg5 Kxg5 57. Kb5 Nc2 58. Kxa5 Nd4 59. Ka4
Nxb3 60. Kxb3 1/2-1/2

[Event "Riga Tech Open A 2015"]
[Site "Riga LAT"]
[Date "2015.08.16"]
[Round "9.9"]
[White "Kulaots, Kaido"]
[Black "Meskovs, Nikita"]
[Result "1/2-1/2"]
[WhiteTitle "GM"]
[BlackTitle "IM"]
[WhiteElo "2573"]
[BlackElo "2494"]
[WhiteFideId "4500261"]
[BlackFideId "11602740"]
[EventDate "2015.08.10"]

1. e4 e5 2. Nf3 Nc6 3. Bb5 a6 4. Ba4 Nge7 5. Bb3 d5 6. exd5 Nxd5 7. O-O Be6 8.
d3 h6 9. Re1 Bc5 10. Nxe5 Bxf2+ 11. Kxf2 Nxe5 12. Kg1 Ng6 13. Qf3 O-O 14. Bd2
Nf6 15. Bxe6 fxe6 16. Nc3 Nd5 17. Qe4 Ngf4 18. Rf1 Qd6 19. Nxd5 Nxd5 20. c4 Nf6
21. Qg6 Rad8 22. Bc3 Qxd3 23. Qxd3 Rxd3 24. Rae1 Kf7 25. Re2 c5 26. Rfe1 Re8 27.
a4 b6 28. h3 Nd7 29. Rf2+ Kg8 30. Kh2 Re7 31. Ree2 a5 32. Rd2 Rxd2 33. Rxd2 Kf7
34. Rd6 Ke8 35. Kg1 Kd8 36. Rc6 e5 37. g4 Rf7 38. Kg2 Ke7 39. Rg6 Kf8 40. Rd6
Ke8 41. Re6+ Re7 42. Rd6 Rf7 43. Re6+ Re7 44. Rd6 Rf7 1/2-1/2

[Event "Riga Tech Open A 2015"]
[Site "Riga LAT"]
[Date "2015.08.16"]
[Round "9.10"]
[White "Socko, Monika"]
[Black "Dragun, Kamil"]
[Result "1/2-1/2"]
[WhiteTitle "GM"]
[BlackTitle "GM"]
[WhiteElo "2456"]
[BlackElo "2572"]
[WhiteFideId "1106619"]
[BlackFideId "1134167"]
[EventDate "2015.08.10"]

1. d4 Nf6 2. Nf3 e6 3. e3 b6 4. Bd3 Bb7 5. O-O g6 6. c4 Bg7 7. Nc3 d5 8. Qe2 Ne4
9. Nd2 f5 10. f3 Nf6 11. Nb3 Nc6 12. Bd2 O-O 13. Rac1 Kh8 14. Rfd1 a5 15. cxd5
Nxd5 16. Nxd5 exd5 17. Bb5 Qd6 18. a3 Nd8 19. Qf2 Ne6 20. f4 c6 21. Bd3 Rfe8 22.
Bc3 Qe7 23. Nd2 c5 24. Bb5 Red8 25. dxc5 bxc5 26. Bxg7+ Qxg7 27. Nf3 c4 28. Ne5
Nc5 29. Qh4 Rf8 30. Rc2 a4 31. Rcd2 Qf6 32. Qh6 Qg7 33. Qh4 Qf6 34. Qh6 Qg7 35.
Qh4 1/2-1/2

[Event "Riga Tech Open A 2015"]
[Site "Riga LAT"]
[Date "2015.08.16"]
[Round "9.11"]
[White "Gretarsson, Hjorvar Steinn"]
[Black "Krivonosov, Oleg"]
[Result "1/2-1/2"]
[WhiteTitle "GM"]
[BlackTitle "IM"]
[WhiteElo "2567"]
[BlackElo "2462"]
[WhiteFideId "2302241"]
[BlackFideId "11600349"]
[EventDate "2015.08.10"]

1. d4 d5 2. c4 e6 3. Nc3 Be7 4. cxd5 exd5 5. Bf4 c6 6. e3 Bd6 7. Bxd6 Qxd6 8.
Bd3 Ne7 9. Qc2 b6 10. Nf3 Ba6 11. O-O Bxd3 12. Qxd3 O-O 13. e4 Nd7 14. e5 Qg6
15. Qd2 Rae8 16. Rfe1 Qf5 17. Ne2 Ng6 18. Ng3 Qf4 19. Qc2 Re6 20. h3 Ne7 21. Qc1
Qxc1 22. Raxc1 h6 23. b4 Re8 24. Ne2 c5 25. bxc5 bxc5 26. dxc5 Rc6 27. Nfd4 Rxc5
28. Rxc5 Nxc5 29. Rb1 Rc8 30. f4 Ne6 31. Nxe6 fxe6 32. Nd4 Rc4 33. Nxe6 Kf7 34.
Nd8+ Ke8 35. Rb8 Kd7 36. Nf7 Ke6 37. Nd8+ Kd7 38. Nf7 Ke6 39. Ra8 Kd7 1/2-1/2

[Event "Riga Tech Open A 2015"]
[Site "Riga LAT"]
[Date "2015.08.16"]
[Round "9.13"]
[White "Skoberne, Jure"]
[Black "Stremavicius, Titas"]
[Result "1-0"]
[WhiteTitle "GM"]
[BlackTitle "IM"]
[WhiteElo "2547"]
[BlackElo "2457"]
[WhiteFideId "14604299"]
[BlackFideId "12804444"]
[EventDate "2015.08.10"]

1. d4 f5 2. c4 Nf6 3. g3 e6 4. Bg2 d5 5. Nf3 c6 6. O-O Bd6 7. b3 Qe7 8. Bb2 O-O
9. Nbd2 Bd7 10. Ne5 Be8 11. Ndf3 Nbd7 12. Nd3 Ne4 13. Nfe5 Nxe5 14. dxe5 Bc7 15.
Qc1 c5 16. cxd5 exd5 17. Bxe4 fxe4 18. Qxc5 Rf7 19. Qxe7 Rxe7 20. Nf4 Bc6 21.
Rfd1 Bxe5 22. Bxe5 Rxe5 23. e3 Rf8 24. Rd2 g5 25. Ne2 Bb5 26. Nd4 Bd3 27. f4
gxf4 28. gxf4 Rh5 29. Rc1 Rh3 30. Rg2+ Kf7 31. Rg3 Rxg3+ 32. hxg3 h5 33. Rc7+
Kf6 34. Rh7 Rc8 35. Rxh5 Rc1+ 36. Kf2 Ra1 37. g4 Rxa2+ 38. Kg3 Bf1 39. g5+ Kg7
40. f5 Rg2+ 41. Kf4 Be2 42. Rh4 a5 43. Ke5 Bg4 44. Ne6+ Kg8 45. g6 d4 46. Nxd4 1-0

[Event "Riga Tech Open A 2015"]
[Site "Riga LAT"]
[Date "2015.08.16"]
[Round "9.14"]
[White "Alekseenko, Kirill"]
[Black "Krupenski, Juri"]
[Result "1/2-1/2"]
[WhiteTitle "GM"]
[BlackTitle "FM"]
[WhiteElo "2540"]
[BlackElo "2356"]
[WhiteFideId "4135539"]
[BlackFideId "4501101"]
[EventDate "2015.08.10"]

1. e4 c5 2. Nf3 d6 3. Bb5+ Nd7 4. O-O Nf6 5. Re1 a6 6. Bd3 g6 7. c3 Ne5 8. Be2
Bg7 9. d4 Nxf3+ 10. Bxf3 Nd7 11. Be3 O-O 12. Nd2 Rb8 13. a4 b5 14. axb5 axb5 15.
b4 c4 16. Ra5 e5 17. Nb1 Nf6 18. h3 Bd7 19. Ra6 Qc7 20. dxe5 dxe5 21. Qd6 Qc8
22. Ra7 Re8 23. Nd2 Rb7 24. Qa6 Rxa7 25. Qxa7 Bc6 26. Ra1 Qa8 27. Ra6 Qxa7 28.
Bxa7 Rc8 29. Be3 h5 30. g4 Bd7 31. g5 Nh7 32. Bg2 Nf8 33. h4 Rc6 34. Ra8 Rd6 35.
Kh2 Kh7 36. Bf1 Ne6 37. Ra7 Nf4 38. Bxc4 bxc4 39. Nxc4 Rd3 40. Nb2 Rd6 41. c4
Bc6 42. Ra6 Bf8 43. f3 Be8 44. Ra8 Re6 45. b5 Bb4 46. b6 Bc6 47. Rc8 Bb7 48. Rb8
Re7 49. c5 Bc6 50. Nc4 Nd3 51. Rc8 Bb7 52. Nd6 Bxc5 53. Bxc5 Bxc8 54. Nxc8 Rb7
55. Bd6 Nb2 56. Bxe5 Nc4 57. Bf4 Nxb6 58. Nd6 Rd7 59. Ne8 Rd3 60. Nf6+ Kg7 61.
Kg3 Kf8 62. Bc7 Nc4 63. Kf2 Rd2+ 64. Kg3 Ra2 65. Nd5 Ke8 66. Bf4 Nb2 67. Be5 Nd3
68. Bd4 Ne1 69. Bf2 Nd3 70. Bd4 1/2-1/2

[Event "Riga Tech Open A 2015"]
[Site "Riga LAT"]
[Date "2015.08.16"]
[Round "9.15"]
[White "Kjartansson, Gudmundur"]
[Black "Kovalev, Vladislav"]
[Result "0-1"]
[WhiteTitle "IM"]
[BlackTitle "GM"]
[WhiteElo "2447"]
[BlackElo "2540"]
[WhiteFideId "2301318"]
[BlackFideId "13504398"]
[EventDate "2015.08.10"]

1. Nf3 Nf6 2. c4 g6 3. Nc3 Bg7 4. e4 d6 5. d4 O-O 6. Be2 e5 7. O-O Nc6 8. d5 Ne7
9. Ne1 Nd7 10. Be3 f5 11. f3 f4 12. Bf2 g5 13. Rc1 Ng6 14. Nd3 Rf7 15. c5 Nf6
16. cxd6 cxd6 17. Kh1 h5 18. Nb5 a6 19. Na7 Bd7 20. Qb3 g4 21. Qb6 Qxb6 22. Bxb6
h4 23. Nf2 h3 24. gxh3 gxf3 25. Bxf3 Nh4 26. Rc3 Nxf3 27. Rxf3 Bf8 28. Rc1 Be7
29. Rfc3 Rff8 30. Rb3 Kf7 31. Kg2 Rg8+ 32. Kf3 Rh8 33. Ke2 Ba4 34. Rb4 Bd7 35.
Rb3 Ne8 36. Rg1 Bh4 37. Ng4 Bxg4+ 38. hxg4 Nf6 39. Rb4 Bg5 40. h4 Rxh4 41. Bf2
Rh2 42. Rxb7+ Kg6 43. Kf3 Rah8 44. Nc6 R8h3+ 45. Bg3 Nh7 46. Rd7 Bf6 47. g5
Nxg5+ 48. Kg4 0-1